| 000 | 00720nam a2200229 i 4500 | ||
|---|---|---|---|
| 001 | 129602 | ||
| 003 | ES-MaACL | ||
| 005 | 20230906193533.0 | ||
| 007 | t| | ||
| 008 | 070626s1976 sp ||||1| spa d | ||
| 080 | _a383/388 | ||
| 100 | 1 |
_aThompson, John Michael. _9110093 |
|
| 245 | 1 | 0 |
_aTeoría económica del transporte / _cJ. M. Thompson ; versión de Fernando Escribano. |
| 260 |
_a[Madrid] : _bAlianza, _c[1976] |
||
| 300 |
_a301 p. ; _c20 cm. |
||
| 490 | 1 | _aCurso de Economía Moderna | |
| 650 | 1 | 4 |
_aTransportes- _vAspectos económicos. _917628 |
| 700 | 1 |
_aEscribano, Fernando. _947630 |
|
| 830 | 0 |
_aCurso de Economía Moderna _9219354 |
|
| 852 |
_aES-MaACL _jE-10017 _bR.94440 |
||
| 999 |
_c129602 _d129602 |
||